| 000 | 01616nam a2200493 i 4500 | ||
|---|---|---|---|
| 001 | 44003 | ||
| 003 | KOSZ 005 | ||
| 005 | 20220505082020.0 | ||
| 008 | 031027s2003 pl a f |001 0 pol | ||
| 015 | _aUWD 2003/17750 | ||
| 020 | _a8372433380 | ||
| 035 | _a991021805719705066 | ||
| 035 | _a(PL-WaBN)b15891161-48omnis_nlop | ||
| 035 | _ab15891161 | ||
| 035 | _a(OCoLC)749231086 | ||
| 035 | _azz2003891862 | ||
| 035 | _a(PL)b0000001589116 | ||
| 035 | _a(EXLNZ-48OMNIS_NETWORK)9910455115605606 | ||
| 040 |
_aWA N _cWA N _dKOSZ 005/HR |
||
| 041 | 1 |
_apol _heng |
|
| 046 | _k2003 | ||
| 080 | _a004.451 | ||
| 080 | _a(07) | ||
| 100 | 1 |
_aFlickenger, Rob _eAutor |
|
| 245 | 1 | 0 |
_aSerwer linuksowy okiem hakera : _b100 świetnych rad i narzędzi / _cRob Flickenger ; [tł. Marcin Miłkowski]. |
| 246 | 1 |
_iTyt. oryg.: _aLinux serwer hacks, _f2003 |
|
| 260 |
_aWarszawa : _b"RM", _ccop. 2003. |
||
| 300 |
_aXVIII, 213, [1] s. : _bil. ; _c24 cm. |
||
| 336 |
_aTekst _btxt _2rdacontent |
||
| 337 |
_aBez urządzenia pośredniczącego _bn _2rdamedia |
||
| 338 |
_aWolumin _bnc _2rdacarrier |
||
| 380 | _aKsiążki | ||
| 388 | _a2001- | ||
| 504 | _aIndeks. | ||
| 650 | 7 |
_aLinux _2DBN |
|
| 650 | 7 |
_aSystemy operacyjne _2DBN |
|
| 655 | 7 |
_aPodręcznik _2DBN |
|
| 658 | _aInformatyka i technologie informacyjne | ||
| 700 | 1 |
_aMiłkowski, Marcin _d(1976- ) _eTłumaczenie |
|
| 710 | 2 |
_aWydawnictwo RM _4pbl |
|
| 856 |
_uhttp://koha.tu.koszalin.pl/cgi-bin/koha/opac-detail.pl?biblionumber=44003 _yKatalog online BPK |
||
| 942 |
_2UKD _cKS |
||
| 999 |
_c44003 _d44003 |
||